|
|
|
|
| LEADER |
00000nam a2200000 a 4500 |
| 001 |
vtls008690319 |
| 003 |
SK-MaSNL |
| 005 |
20260301205458.0 |
| 008 |
060412s2006 au hol g bh 001 0bger |
| 020 |
|
|
|a (viaz.)
|
| 040 |
|
|
|a SNK
|b slo
|c SNK
|e AACR2
|
| 041 |
0 |
|
|a ger
|
| 043 |
|
|
|a e-au---
|
| 044 |
|
|
|a au
|c AT
|
| 072 |
|
7 |
|a Maliarstvo
|2 konspekt
|
| 072 |
|
7 |
|a 01
|x Bibliografia. Katalógy
|2 konspekt
|
| 080 |
|
|
|a 75.071.1
|2 2001
|
| 080 |
|
|
|a 75(436)
|2 2001
|
| 080 |
|
|
|a 016
|2 2001
|
| 080 |
|
|
|a (092)
|2 2001
|
| 245 |
0 |
0 |
|a Josef Dobrowsky 1889-1964
|b im Spiegel der Kunstkritik
|c herausgegeben von Herbert Zemen
|
| 260 |
|
|
|a Wien
|b Privatdruck
|c 2006
|
| 300 |
|
|
|a xv, 215 s.
|b faks., fotogr., tab.
|c 25 cm
|
| 504 |
|
|
|a Obsahuje bibliogr.
|
| 610 |
1 |
7 |
|a Dobrowsky, Josef,
|d 1889-1964
|2 SNKMA
|9 591650
|
| 648 |
|
7 |
|a 20. stor.
|2 SNKPH
|9 275975
|
| 650 |
0 |
7 |
|a maliari
|2 SNKPH
|9 3150
|
| 650 |
0 |
7 |
|a rakúske maliarstvo
|2 SNKPH
|9 3122
|
| 651 |
|
7 |
|a Rakúsko
|2 SNKPH
|9 18533
|
| 655 |
|
7 |
|a biografie
|2 SNKPH
|9 27965
|
| 655 |
|
7 |
|a odborné bibliografie
|2 SNKPH
|9 70558
|
| 700 |
1 |
|
|a Zemen, Herbert
|4 edt
|9 286307
|
| 999 |
|
|
|c 910237
|d 912167
|
| 952 |
|
|
|a SNK
|b SNK
|y VYP
|7 0
|p 17A0506851
|o snkIC 133294
|i snk2006/9271
|8 2
|g 40.33
|0 0
|1 0
|4 0
|d 2006-04-12
|l 0
|r 2026-02-24 07:41:18
|w 2026-02-24
|